A new type of crop (Record no. 83377)
[ view plain ]
| 000 -LEADER | |
|---|---|
| fixed length control field | 00798cab a22002055a 4500 |
| 001 - CONTROL NUMBER | |
| control field | L153788 |
| 008 - FIXED-LENGTH DATA ELEMENTS--GENERAL INFORMATION | |
| fixed length control field | 110831e20110827xxk 000 0 eng d |
| 035 ## - SYSTEM CONTROL NUMBER | |
| System control number | (Sirsi) u153788 |
| 041 0# - LANGUAGE CODE | |
| Language code of text/sound track or separate title | eng |
| 100 1# - MAIN ENTRY--PERSONAL NAME | |
| Personal name | Nunn, Vicky |
| 245 02 - TITLE STATEMENT | |
| Title | A new type of crop |
| 260 ## - PUBLICATION, DISTRIBUTION, ETC. | |
| Date of publication, distribution, etc. | 2011 |
| 490 ## - SERIES STATEMENT | |
| Series statement | Estates Gazette |
| Volume/sequential designation | (1134) 27 August 2011, 62-64(3) |
| 520 ## - SUMMARY, ETC. | |
| Summary, etc. | Considers the life cycle of an onshore wind farm project and how it affects the relationship between the landownder and developer. Includes information on wind farm life span, physical components and the environment and technical requirements that need to support a wind farm. |
| 590 ## - LOCAL NOTE (RLIN) | |
| Local note | KA |
| 651 #4 - SUBJECT ADDED ENTRY--GEOGRAPHIC NAME | |
| Geographic name | United Kingdom |
| Chronological subdivision | |
| 690 ## - LOCAL SUBJECT ADDED ENTRY--TOPICAL TERM (OCLC, RLIN) | |
| Topical term or geographic name as entry element | ENVIRONMENTAL AND LAND CONSULTANCY-ENERGY-RENEWABLE ENERGY |
| 700 1# - ADDED ENTRY--PERSONAL NAME | |
| Personal name | Pierce, Carlos |
| 942 ## - ADDED ENTRY ELEMENTS (KOHA) | |
| Suppress in OPAC | 0 |
| Withdrawn status | Lost status | Source of classification or shelving scheme | Damaged status | Not for loan | Home library | Current library | Shelving location | Date acquired | Total Checkouts | Full call number | Barcode | Date last seen | Copy number | Price effective from | Koha item type |
|---|---|---|---|---|---|---|---|---|---|---|---|---|---|---|---|
| Dewey Decimal Classification | London | London | Journal article | 31/08/2011 | L153787 | 153788-1001 | 06/08/2019 | 1 | 06/08/2019 | Journal article |